| 000 | 00645nam a22001937a 4500 | ||
|---|---|---|---|
| 999 |
_c11201 _d11201 |
||
| 003 | AR-CdUCM | ||
| 008 | 190403b ||||| |||| 00| 0 spa d | ||
| 040 |
_aMUNICIPALIDAD PROVINCIAL DEL CUSCO _cBIBLIOTECA MUNICIPAL DEL CUSCO |
||
| 082 |
_a868.96 / _bC27 / 1973 |
||
| 100 |
_aCarpentier, Alejo _9216 |
||
| 245 |
_aEl autor y su obra : _bAlejo Carpentier / |
||
| 260 |
_aCuba : _bMined, _c1973. |
||
| 300 |
_a57 páginas ; _c27 cm. |
||
| 505 | _aEl reino de este mundo -- Los pasos perdidos -- Guerra del tiempo -- El siglo de las luces... | ||
| 650 |
_aBiografía. _922 |
||
| 650 |
_aCarpentier _928442 |
||
| 942 |
_2ddc _cLIBROS |
||
| 945 | _awfj | ||